| 000 | 00697nam a2200217 a 4500 | ||
|---|---|---|---|
| 005 | 20221006064305.0 | ||
| 008 | 170210s2013 mx r 000 0 spa d | ||
| 020 | _a9786071715593 | ||
| 035 | _aUPN01000215943 | ||
| 049 | _aCG | ||
| 050 | 4 |
_aBF789 D4 _bC3.7 |
|
| 100 | 1 |
_aCastro González, María del Carmen _940648 |
|
| 245 | 1 | 0 |
_aResiliencia tanatológica : _bel arte de resurgir del fango / _cMaría del Carmen Castro González. |
| 260 |
_aMéxico : _bTrillas, _cc2013. |
||
| 300 |
_a87 p. : _bil. |
||
| 650 | 4 |
_aMUERTE - _xASPECTOS PSICOLOGICOS _910028 |
|
| 650 | 7 |
_aTanatología _2 _97058 |
|
| 650 | 2 |
_aResiliencia (Rasgo de la personalidad) _96115 |
|
| 905 | _aLibro | ||
| 999 |
_c188043 _d188043 |
||